[Event "23e tournoi de Noël"]
[Site "Montigny le Bretonneux"]
[Date "2024.12.29"]
[Round "5.5"]
[White "Arutyunov, Mikael"]
[Black "Gauthier, Laurent"]
[Result "1-0"]
[WhiteElo "1730"]
[BlackElo "1831"]
[Annotator "Rivier,Sylvain"]
[PlyCount "89"]
[EventDate "2024.??.??"]
[WhiteTeam "Tours et Detours Club d'Echecs Centre Brie"]
[BlackTeam "Les Tours d'Angoulême"]

{Ouverture du pion dame} 1. d4 Nf6 2. Bg5 e6 3. e4 Be7 4. e5 Nd5 5. Bxe7 Nxe7
6. Nf3 c5 7. c3 b6 8. Bd3 Bb7 9. O-O Nbc6 10. Nbd2 O-O 11. Bxh7+ Kxh7 12. Ng5+
Kh6 13. Qg4 Nf5 14. f4 Rh8 15. Nxf7+ Kh7 16. Nxd8 Raxd8 17. Ne4 Nce7 18. Nd6
Nxd6 19. exd6 Nf5 20. dxc5 bxc5 21. Rad1 g6 22. Rd3 Kg7 23. Re1 Rh4 24. Qe2
Rdh8 25. Qe5+ Kf7 26. h3 c4 27. Qc5 Bc6 28. Qxc4 R4h6 29. Rxe6 Rf8 30. Re1+ Kg7
31. Qc5 a6 32. Re7+ Nxe7 33. dxe7 Re8 34. Qe5+ Kf7 35. Re3 Rh5 36. Qd4 Rd5 37.
Qc4 Rxe7 38. Rd3 Ke6 39. Rxd5 Bxd5 40. Qxa6+ Bc6 41. b4 Kf5 42. b5 Bd5 43. Qd6
Re1+ 44. Kf2 Rd1 45. Qe5# 1-0

[Event "23e tournoi de Noël"]
[Site "Montigny le Bretonneux"]
[Date "2024.12.29"]
[Round "5.6"]
[White "Sondermeijer, Antoine"]
[Black "Appavou, Calixte"]
[Result "1/2-1/2"]
[WhiteElo "1719"]
[BlackElo "1734"]
[Annotator "Rivier,Sylvain"]
[PlyCount "34"]
[EventDate "2024.??.??"]
[WhiteTeam "Club d'Echecs de Guyancourt"]
[BlackTeam "Saint-Quentin en Yvelines"]

{Partie italienne} 1. e4 e5 2. Bc4 Nc6 3. Nf3 Be7 4. d4 exd4 5. Nxd4 d6 6. O-O
Nf6 7. Nc3 O-O 8. h3 h6 9. Re1 Bd7 10. a3 Nxd4 11. Qxd4 Bc6 12. Bd2 Nd7 13.
Rad1 Bf6 14. Qe3 Re8 15. Qg3 Bh4 16. Qe3 Bf6 17. Qg3 Bh4 1/2-1/2

[Event "23e tournoi de Noël"]
[Site "Montigny le Bretonneux"]
[Date "2024.12.29"]
[Round "5.7"]
[White "Imbert, Christophe"]
[Black "Neveu, Raphael"]
[Result "1-0"]
[WhiteElo "1902"]
[BlackElo "1640"]
[Annotator "Rivier,Sylvain"]
[PlyCount "47"]
[EventDate "2024.??.??"]
[WhiteTeam "Club d'Echecs du Vesinet"]
[BlackTeam "La Dame Noire"]

{Partie espagnole, défense berlinoise ouverte} 1. e4 e5 2. Nf3 Nc6 3. Bb5 Nf6
4. O-O Nxe4 5. Re1 Nd6 6. Bf1 Be7 7. Nxe5 Nxe5 8. Rxe5 O-O 9. d4 Bf6 10. Bd3
Re8 11. Bf4 b6 12. Nd2 Bb7 13. Qg4 c5 14. c3 cxd4 15. cxd4 a6 16. Rae1 Bxe5 17.
dxe5 Nb5 18. Re3 g6 19. Bg5 Qc7 20. Bf6 Qc6 21. Qh3 Nd4 22. Qxh7+ Kxh7 23. Rh3+
Kg8 24. Rh8# 1-0

[Event "23e tournoi de Noël"]
[Site "Montigny le Bretonneux"]
[Date "2024.12.29"]
[Round "5.8"]
[White "Martin, Gabriel"]
[Black "Sanchez-Narboni, Quentin"]
[Result "0-1"]
[WhiteElo "1753"]
[BlackElo "1841"]
[Annotator "Rivier,Sylvain"]
[PlyCount "62"]
[EventDate "2024.??.??"]
[WhiteTeam "Club d'Echecs d'Orsay"]
[BlackTeam "GIF-CC2-Echecs"]

{Défense Nimzo-indienne, variante des trois cavaliers} 1. d4 e6 2. c4 Nf6 3.
Nc3 Bb4 4. e3 b6 5. Bd2 Bb7 6. Nf3 O-O 7. a3 Bxc3 8. Bxc3 Ne4 9. Bd3 Nxc3 10.
bxc3 d6 11. O-O Nd7 12. e4 Qf6 13. Qc2 e5 14. Rfd1 Rfe8 15. Re1 Re7 16. Re3 Nf8
17. Rd1 Ne6 18. Bf1 Rae8 19. g3 g5 20. Bh3 Bc8 21. Bf5 h6 22. Ne1 exd4 23. Rf3
Qg7 24. Bxe6 Rxe6 25. cxd4 Rxe4 26. Qc3 Bg4 27. Kg2 Bxf3+ 28. Nxf3 Qf6 29. Rd3
Re2 30. h3 h5 31. Re3 R8xe3 0-1

[Event "23e tournoi de Noël"]
[Site "Montigny le Bretonneux"]
[Date "2024.12.29"]
[Round "5.9"]
[White "Charlet, Tristan"]
[Black "Weens, William"]
[Result "1/2-1/2"]
[WhiteElo "1399"]
[BlackElo "1782"]
[Annotator "Rivier,Sylvain"]
[PlyCount "104"]
[EventDate "2024.??.??"]
[WhiteTeam "Club d'Echecs d'Orsay"]
[BlackTeam "ECHECS 78"]

{Défense sicilienne, variante Najdorf} 1. e4 c5 2. Nf3 d6 3. d4 cxd4 4. Nxd4
Nf6 5. Nc3 a6 6. f3 e5 7. Nb3 Be6 8. Be3 Be7 9. Qd2 b5 10. g4 h6 11. Nd5 Bxd5
12. exd5 Nbd7 13. O-O-O Nb6 14. Bxb6 Qxb6 15. g5 Nh7 16. h4 hxg5 17. hxg5 O-O-O
18. Bh3+ Kb8 19. Kb1 Nxg5 20. Bg4 Rxh1 21. Rxh1 Rf8 22. Na5 Bd8 23. Nc6+ Ka8
24. Qd3 g6 25. Bd7 Bf6 26. Qa3 Rh8 27. Rd1 b4 28. Nxb4 a5 29. Nc6 Qc7 30. Nxa5
Qc5 31. Bc6+ Ka7 32. Qa4 Qb6 33. Nc4+ Qa6 34. Qxa6+ Kxa6 35. Nxd6 Kb6 36. Ne4
Nxe4 37. fxe4 Bd8 38. a4 Rh4 39. Rf1 f6 40. Re1 Kc5 41. c3 g5 42. Bd7 Kc4 43.
Bb5+ Kc5 44. Bd7 Kc4 45. Bf5 Kb3 46. Rg1 Rh2 47. d6 Rxb2+ 48. Kc1 Rc2+ 49. Kd1
Rxc3 50. d7 Rd3+ 51. Ke2 Rd4 52. Ke3 Kb2 1/2-1/2

[Event "23e tournoi de Noël"]
[Site "Montigny le Bretonneux"]
[Date "2024.12.29"]
[Round "5.10"]
[White "Conq, Alain"]
[Black "Corbillet, Mathieu"]
[Result "0-1"]
[WhiteElo "1831"]
[BlackElo "1631"]
[Annotator "Rivier,Sylvain"]
[PlyCount "44"]
[EventDate "2024.??.??"]
[WhiteTeam "Echiquier Scéen - Sceaux"]
[BlackTeam "La Dame Noire"]

{Gambit dame} 1. d4 d5 2. c4 e6 3. Nc3 a6 4. e4 c6 5. Nf3 h6 6. cxd5 exd5 7.
Bd3 Be6 8. O-O Nd7 9. Re1 Bb4 10. a3 Bxc3 11. bxc3 b5 12. a4 Ne7 13. Ba3 O-O
14. Bxe7 Qxe7 15. exd5 cxd5 16. axb5 axb5 17. Bxb5 Qd6 18. Qd3 Nf6 19. h3 Ne4
20. c4 Bxh3 21. gxh3 Qg6+ 22. Kf1 Ng3+ 0-1

[Event "23e tournoi de Noël"]
[Site "Montigny le Bretonneux"]
[Date "2024.12.29"]
[Round "5.11"]
[White "Kunne, Ronald"]
[Black "Barthere, Gilles"]
[Result "0-1"]
[WhiteElo "1803"]
[BlackElo "1630"]
[Annotator "Rivier,Sylvain"]
[PlyCount "100"]
[EventDate "2024.??.??"]
[WhiteTeam "Club d'Echecs d'Orsay"]
[BlackTeam "CE Le Roi Soleil - Le Chesnay - Versailles"]

{Défense sicilienne, variante hongroise} 1. e4 c5 2. Nf3 d6 3. d4 cxd4 4. Qxd4
Nc6 5. Bb5 Bd7 6. Qd3 Nf6 7. c4 g6 8. Nc3 Bg7 9. O-O O-O 10. h3 a6 11. Bxc6
Bxc6 12. Nd4 Bd7 13. Be3 Rc8 14. Rac1 Qc7 15. b3 b6 16. Nde2 Qb7 17. a4 Bc6 18.
f3 Rfd8 19. Nf4 e6 20. Rfd1 Rd7 21. b4 Qc7 22. g4 Bb7 23. g5 Ne8 24. c5 bxc5
25. Bxc5 Rcd8 26. Bd4 Bxd4+ 27. Qxd4 e5 28. Qf2 exf4 29. Nd5 Qb8 30. Nf6+ Nxf6
31. gxf6 d5 32. Qh4 Qe5 33. exd5 Bxd5 34. Re1 Qh5 35. Qxf4 Qxf3 36. Qg5 Qh1+
37. Kf2 Qh2+ 38. Kf1 Qxh3+ 39. Kf2 Qf5+ 40. Qxf5 gxf5 41. Rg1+ Kh8 42. Rg5 Be4
43. Ke3 Rd6 44. Rc7 Rxf6 45. Kf4 Rg6 46. Rh5 Rf8 47. Rc3 f6 48. Rch3 Rf7 49.
Rh2 Rg4+ 50. Ke3 Rd7 0-1

[Event "23e tournoi de Noël"]
[Site "Montigny le Bretonneux"]
[Date "2024.12.29"]
[Round "5.12"]
[White "Imbert, Nicolas"]
[Black "Couradin, Jean-Marie"]
[Result "1-0"]
[WhiteElo "1640"]
[BlackElo "1703"]
[Annotator "Rivier,Sylvain"]
[PlyCount "97"]
[EventDate "2024.??.??"]
[WhiteTeam "Saint-Quentin en Yvelines"]
[BlackTeam "La Dame Noire"]

{Défense moderne} 1. e4 d6 2. d4 g6 3. Nf3 Bg7 4. Be2 Nd7 5. O-O Ndf6 6. e5
dxe5 7. dxe5 Ng4 8. e6 fxe6 9. Ng5 N8f6 10. Qxd8+ Kxd8 11. Nf7+ Ke8 12. Nxh8
Bxh8 13. h3 Ne5 14. Nc3 a6 15. Re1 Nf7 16. Rb1 b5 17. Bf3 Rb8 18. Be3 b4 19.
Ba7 bxc3 20. Bxb8 Nd7 21. Bxc7 cxb2 22. Bc6 Kf8 23. Bxd7 Bxd7 24. f4 Bd4+ 25.
Kh1 Nh6 26. Be5 Bf2 27. Rf1 Bc5 28. Bxb2 Nf5 29. Rf3 Bb5 30. Re1 Kf7 31. Re5
Bd6 32. Rxb5 axb5 33. g3 h5 34. Kg2 b4 35. a3 Bc5 36. axb4 Bxb4 37. Ba3 Be1 38.
c4 Bd2 39. Bc5 Ba5 40. Rd3 Bc7 41. g4 hxg4 42. hxg4 Nd6 43. Bxd6 exd6 44. Kf3
Kf6 45. Rb3 e5 46. Rb7 Ba5 47. g5+ Ke6 48. fxe5 Kxe5 49. Rb5+ 1-0

[Event "23e tournoi de Noël"]
[Site "Montigny le Bretonneux"]
[Date "2024.12.29"]
[Round "5.13"]
[White "Salagnac, Sowan"]
[Black "Foveau, Guillaume"]
[Result "1-0"]
[WhiteElo "1702"]
[BlackElo "1588"]
[Annotator "Rivier,Sylvain"]
[PlyCount "61"]
[EventDate "2024.??.??"]
[WhiteTeam "Saint-Quentin en Yvelines"]
[BlackTeam "La Dame Noire"]

{Défense française, variante d'échange} 1. e4 e6 2. d4 d5 3. exd5 exd5 4.
Bd3 Nc6 5. c3 Bd6 6. Ne2 Nge7 7. Qc2 Be6 8. O-O Qd7 9. Nd2 O-O-O 10. a4 Bf5 11.
Ng3 Bxd3 12. Qxd3 h5 13. Ne2 g5 14. b4 h4 15. a5 Nb8 16. Nb3 g4 17. f3 gxf3 18.
Rxf3 Qg4 19. Rxf7 Rdg8 20. Qf3 h3 21. Rf8+ Kd7 22. Qxg4+ Rxg4 23. Rxh8 Rxg2+
24. Kf1 Rxh2 25. Bf4 Bxf4 26. Nxf4 Nbc6 27. Rxh3 Rc2 28. Nc5+ Kc8 29. Rh8+ Nd8
30. Nfe6 Nec6 31. b5 1-0

[Event "23e tournoi de Noël"]
[Site "Montigny le Bretonneux"]
[Date "2024.12.29"]
[Round "5.14"]
[White "Longbien, Dominique"]
[Black "Nguyen, Hai Nam"]
[Result "1-0"]
[WhiteElo "1682"]
[BlackElo "1299"]
[Annotator "Rivier,Sylvain"]
[PlyCount "89"]
[EventDate "2024.??.??"]
[WhiteTeam "La Dame Noire"]
[BlackTeam "Club d'Echecs de Guyancourt"]

{Défense Caro-Kann, variante d'échange} 1. e4 c6 2. d4 d5 3. exd5 cxd5 4. Bd3
Nc6 5. c3 Nf6 6. h3 e6 7. Nf3 h6 8. Bf4 Bd6 9. Ne5 Nh5 10. Qxh5 Bxe5 11. Bxe5
Nxe5 12. Qxe5 O-O 13. Nd2 Re8 14. O-O f6 15. Qg3 Qb6 16. Qg6 Bd7 17. Qh7+ Kf8
18. Qh8+ Ke7 19. Qxg7+ Kd8 20. Qxf6+ Kc7 21. b3 Bb5 22. Bxb5 Qxb5 23. c4 dxc4
24. Nxc4 Qg5 25. Qxg5 hxg5 26. Rfe1 Rad8 27. Rad1 Kc6 28. Re5 b5 29. Ne3 g4 30.
Nxg4 Rd5 31. Nf6 Rxe5 32. dxe5 Rf8 33. f4 Kc5 34. g4 Rh8 35. Kg2 Kb4 36. Kg3
Ka3 37. Rd2 a5 38. f5 exf5 39. gxf5 a4 40. bxa4 bxa4 41. e6 Rf8 42. e7 Rxf6 43.
e8=Q Rxf5 44. Qe7+ Rc5 45. Qxc5# 1-0

[Event "23e tournoi de Noël"]
[Site "Montigny le Bretonneux"]
[Date "2024.12.29"]
[Round "5.15"]
[White "Salhi, Clement"]
[Black "Benkaci, Massin"]
[Result "1/2-1/2"]
[WhiteElo "1299"]
[BlackElo "1655"]
[Annotator "Rivier,Sylvain"]
[PlyCount "90"]
[EventDate "2024.??.??"]
[WhiteTeam "Club du Canal St-Martin Paris"]
[BlackTeam "Club du Canal St-Martin Paris"]

{Ouverture catalane, variante Sokolsky} 1. d4 d5 2. Nf3 e6 3. c4 Nf6 4. g3 Nbd7
5. Bg2 Be7 6. O-O O-O 7. Qc2 c6 8. b3 b6 9. Bb2 Bb7 10. Nbd2 Rc8 11. Rfe1 dxc4
12. Nxc4 c5 13. Qd2 Ne4 14. Qd1 Ndf6 15. Rc1 Ng4 16. Rf1 Bf6 17. e3 Nh6 18. Ba3
Re8 19. dxc5 bxc5 20. Rc2 Qc7 21. Qc1 Red8 22. Nb2 Ba6 23. Re1 Qa5 24. Nc4 Qc7
25. Ncd2 Nxd2 26. Nxd2 Qa5 27. Ne4 Be7 28. Bxc5 Nf5 29. b4 Qa4 30. h4 Nd6 31.
Rc3 Nxe4 32. Bxe4 Bxc5 33. bxc5 Qxa2 34. Qc2 Qxc2 35. Rxc2 Bb5 36. Kg2 Bc6 37.
Kf3 Bxe4+ 38. Kxe4 Rd5 39. Rb1 f5+ 40. Kf4 Rdxc5 41. Rxc5 Rxc5 42. Rb8+ Kf7 43.
Rb7+ Kf6 44. Rxa7 Rc2 45. Kf3 Rc6 1/2-1/2

[Event "23e tournoi de Noël"]
[Site "Montigny le Bretonneux"]
[Date "2024.12.29"]
[Round "5.16"]
[White "Fayolle, Guy"]
[Black "Meddour, Ithri"]
[Result "1-0"]
[WhiteElo "1696"]
[BlackElo "1483"]
[Annotator "Rivier,Sylvain"]
[PlyCount "47"]
[EventDate "2024.??.??"]
[WhiteTeam "Saint-Quentin en Yvelines"]
[BlackTeam "Saint-Quentin en Yvelines"]

{Défense française, variante Rubinstein} 1. e4 e6 2. d4 d5 3. Nc3 dxe4 4.
Nxe4 Bd7 5. Bd3 Bc6 6. Nf3 Be7 7. O-O Nd7 8. c3 Ngf6 9. Nxf6+ Nxf6 10. Ne5 Be4
11. Bxe4 Nxe4 12. Qf3 Nf6 13. Qxb7 O-O 14. Nc6 Qd6 15. Bg5 Nd5 16. Nxe7+ Nxe7
17. Qe4 Rab8 18. Rab1 Nd5 19. c4 Nb4 20. a3 Na6 21. b4 c6 22. Bf4 Qd7 23. Bxb8
Rxb8 24. Rbd1 1-0

[Event "23e tournoi de Noël"]
[Site "Montigny le Bretonneux"]
[Date "2024.12.29"]
[Round "5.17"]
[White "Garabedian, Christophe"]
[Black "Nicol, Christian"]
[Result "0-1"]
[WhiteElo "1476"]
[BlackElo "1579"]
[Annotator "Rivier,Sylvain"]
[PlyCount "54"]
[EventDate "2024.??.??"]
[WhiteTeam "La Dame Noire"]
[BlackTeam "Saint-Quentin en Yvelines"]

{Partie du pion dame} 1. d4 e6 2. Nc3 d5 3. Bf4 c5 4. e3 Nc6 5. Nb5 e5 6. Bxe5
Nxe5 7. dxe5 Be6 8. Nf3 a6 9. Nc3 g6 10. Be2 Bg7 11. Qd2 Ne7 12. O-O-O O-O 13.
h4 h5 14. Ng5 Bxe5 15. Rdg1 Qc7 16. g4 d4 17. Nce4 Rad8 18. Nxe6 fxe6 19. gxh5
dxe3 20. Qxe3 Bf4 21. hxg6 Bxe3+ 22. fxe3 Nf5 23. h5 Nh6 24. g7 Rf7 25. Rg6 Qe5
26. Rhg1 Qxe4 27. Rxh6 Qxe3+ 0-1

[Event "23e tournoi de Noël"]
[Site "Montigny le Bretonneux"]
[Date "2024.12.29"]
[Round "5.18"]
[White "Rabetrano, Arthur"]
[Black "Couradin, Bruno"]
[Result "0-1"]
[WhiteElo "1299"]
[BlackElo "1577"]
[Annotator "Rivier,Sylvain"]
[PlyCount "42"]
[EventDate "2024.??.??"]
[WhiteTeam "AGJA-Echiquier Aquitaine"]
[BlackTeam "La Dame Noire"]

{Ouverture du pion dame} 1. d4 Nf6 2. Nf3 d6 3. Bf4 Bf5 4. e3 Nbd7 5. Bd3 Bg4
6. h3 Bxf3 7. Qxf3 e5 8. dxe5 dxe5 9. Bh2 c6 10. Bf5 Bd6 11. Qg3 g6 12. Bxd7+
Qxd7 13. Nd2 Rd8 14. Nc4 Ne4 15. Nxd6+ Qxd6 16. Qxe5+ Qxe5 17. Bxe5 O-O 18. Rd1
Rxd1+ 19. Kxd1 Nxf2+ 20. Ke2 Nxh1 21. Kf1 Rd8 0-1

[Event "23e tournoi de Noël"]
[Site "Montigny le Bretonneux"]
[Date "2024.12.29"]
[Round "5.19"]
[White "Fasquelle, Yann"]
[Black "Chakour, Samir"]
[Result "1-0"]
[WhiteElo "1563"]
[BlackElo "1461"]
[Annotator "Rivier,Sylvain"]
[PlyCount "135"]
[EventDate "2024.??.??"]
[WhiteTeam "Saint-Quentin en Yvelines"]
[BlackTeam "Saint-Quentin en Yvelines"]

{Défense française, variante d'avance} 1. e4 e6 2. d4 d5 3. e5 c5 4. c3 Nc6
5. f4 Qb6 6. Nf3 Nge7 7. b3 Bd7 8. Be2 O-O-O 9. O-O Nf5 10. g4 cxd4 11. gxf5
d3+ 12. Kg2 dxe2 13. Qxe2 exf5 14. Rd1 Be6 15. Na3 a6 16. Nc2 a5 17. Be3 Bc5
18. Ncd4 Rd7 19. a3 Be7 20. Nxe6 Qxb3 21. Nc5 Bxc5 22. Bxc5 Qa4 23. Bd4 Re8 24.
Qb2 Qc4 25. Re1 Kd8 26. Re2 h6 27. Rae1 Re6 28. Nd2 Qa6 29. Nb3 b6 30. Nd2 a4
31. Bxb6+ Ke8 32. Bd4 Kf8 33. Kh1 Kg8 34. Nf3 Rb7 35. Qc2 Na5 36. Qxf5 g6 37.
Rg2 Rc7 38. h4 Kf8 39. Qh3 Ke8 40. Reg1 Rcc6 41. f5 gxf5 42. Rg8+ Ke7 43. Qxf5
Nb7 44. R8g7 Nd8 45. h5 Kf8 46. Rg8+ Ke7 47. Qb1 Kd7 48. Nh4 Qe2 49. R8g2 Qa6
50. Nf5 Rc7 51. Qb4 Rb7 52. Qf8 Re8 53. Qg7 Kc8 54. Nd6+ Kd7 55. Nxe8 Kxe8 56.
Qg8+ Kd7 57. e6+ Qxe6 58. Qg4 Qxg4 59. Rxg4 Ne6 60. R4g2 Nf4 61. Rg7 Kc6 62.
Rf1 Nxh5 63. Rgxf7 Rb8 64. Rg1 Rh8 65. Ra7 Kb5 66. Bxh8 Nf4 67. Rb1+ Kc4 68.
Rxa4+ 1-0

[Event "23e tournoi de Noël"]
[Site "Montigny le Bretonneux"]
[Date "2024.12.29"]
[Round "5.20"]
[White "Leblanc, Didier"]
[Black "Ndika, Anthony"]
[Result "0-1"]
[WhiteElo "1399"]
[BlackElo "1538"]
[Annotator "Rivier,Sylvain"]
[PlyCount "72"]
[EventDate "2024.??.??"]
[WhiteTeam "Saint-Quentin en Yvelines"]
[BlackTeam "L'Hay les Roses Echecs et Mat"]

{Défense française} 1. e4 e6 2. Nf3 d5 3. e5 Nh6 4. g3 c5 5. Bg2 Nc6 6. Nc3
Nf5 7. O-O Be7 8. d3 O-O 9. b3 Qa5 10. Bd2 Qc7 11. a3 Nxe5 12. Nxe5 Qxe5 13.
Qf3 Nd4 14. Qd1 Bd7 15. a4 Rfe8 16. Rb1 Rac8 17. b4 cxb4 18. Na2 a5 19. Nxb4
axb4 20. Rxb4 Bxb4 21. a5 Bxd2 22. Qxd2 Rxc2 23. Qd1 Rec8 24. Qb1 Qc7 25. Qa1
Ne2+ 26. Kh1 Rc1 27. Bf3 Rxa1 28. Rxa1 Qc2 29. a6 bxa6 30. Re1 Nd4 31. Ra1 Nxf3
32. Kg2 Qxd3 33. Ra5 Ne1+ 34. Kh3 e5+ 35. Kh4 Qg6 36. Rxa6 Qe4+ 0-1

[Event "23e tournoi de Noël"]
[Site "Montigny le Bretonneux"]
[Date "2024.12.29"]
[Round "5.21"]
[White "Bouloc, Roger"]
[Black "Nguyen, Bui Nhat Duy"]
[Result "0-1"]
[WhiteElo "1491"]
[BlackElo "1401"]
[Annotator "Rivier,Sylvain"]
[PlyCount "96"]
[EventDate "2024.??.??"]
[WhiteTeam "La Dame Noire"]
[BlackTeam "Club d'Echecs d'Orsay"]

{Défense française, variante Tarrasch fermée} 1. e4 e6 2. d4 d5 3. Nd2 Nf6
4. e5 Nfd7 5. Bd3 c5 6. c3 Nc6 7. Ne2 Qb6 8. Nf3 Be7 9. O-O O-O 10. b3 cxd4 11.
cxd4 f6 12. exf6 Bxf6 13. Be3 Qd8 14. a3 e5 15. dxe5 Ndxe5 16. Nxe5 Nxe5 17.
Ng3 Nxd3 18. Qxd3 Bxa1 19. Rxa1 Be6 20. Bd4 Qd7 21. Qe3 Rae8 22. Bxa7 Bf5 23.
Qd4 Rf6 24. a4 Qe6 25. h3 Bg6 26. Qb4 Qe5 27. Bd4 Rf4 28. Rd1 Bc2 29. Qc5 Rxd4
30. Rxd4 Bxb3 31. Qb5 Bc4 32. Rxc4 dxc4 33. Qxc4+ Qe6 34. Qb5 Qc6 35. Qb3+ Kh8
36. Nf5 h6 37. Qb2 Qf6 38. Qb5 Re5 39. Qxb7 Qxf5 40. g4 Re1+ 41. Kg2 Qe4+ 42.
Qxe4 Rxe4 43. f3 Rxa4 44. Kg3 g5 45. h4 Kg7 46. h5 Kf6 47. Kf2 Ke5 48. Kg3 Ra3
0-1

[Event "23e tournoi de Noël"]
[Site "Montigny le Bretonneux"]
[Date "2024.12.29"]
[Round "5.22"]
[White "Moulun, Raphael"]
[Black "Carbonero, Jean Marc"]
[Result "1-0"]
[WhiteElo "1597"]
[BlackElo "1399"]
[Annotator "Rivier,Sylvain"]
[PlyCount "49"]
[EventDate "2024.??.??"]
[WhiteTeam "La Dame Noire"]
[BlackTeam "La Dame Noire"]

{Ouverture du pion roi} 1. f4 Nc6 2. e4 d6 3. d4 f5 4. Nc3 e6 5. Nf3 fxe4 6.
Nxe4 d5 7. Ng3 Bd6 8. Be2 Nf6 9. O-O O-O 10. Ne5 Nd7 11. Bg4 Ncxe5 12. fxe5
Rxf1+ 13. Qxf1 Qf8 14. Bxe6+ Kh8 15. exd6 Qxf1+ 16. Kxf1 Nf6 17. Bxc8 Rxc8 18.
dxc7 Rxc7 19. c3 Ng4 20. h3 Rf7+ 21. Kg1 Nf6 22. Be3 h5 23. Rf1 Re7 24. Bg5 Rf7
25. Nxh5 1-0

[Event "23e tournoi de Noël"]
[Site "Montigny le Bretonneux"]
[Date "2024.12.29"]
[Round "6.1"]
[White "Korte, Markus"]
[Black "Greuthier, Alois"]
[Result "0-1"]
[WhiteElo "1970"]
[BlackElo "1875"]
[Annotator "Rivier,Sylvain"]
[PlyCount "64"]
[EventDate "2024.??.??"]
[WhiteTeam "Ecole Française d'Echecs de Metz"]
[BlackTeam "L'Echiquier Royal de Châtenoy le Royal"]

{Défense sicilienne} 1. e4 c5 2. Nf3 d6 3. c3 Nf6 4. h3 Nc6 5. Bd3 g5 6. Bc2
g4 7. hxg4 Bxg4 8. d4 cxd4 9. cxd4 Bg7 10. Nc3 Qb6 11. Na4 Qc7 12. Be3 Nb4 13.
Bb1 Rc8 14. Nc3 Nd7 15. a3 Nc6 16. Nd5 Qb8 17. Ba2 Nf6 18. Nc3 e6 19. Qd3 Kf8
20. Nd2 Bh5 21. Bg5 Bg6 22. f3 d5 23. Qe3 Nxd4 24. O-O-O Nb5 25. Bh6 Nxc3 26.
bxc3 Qc7 27. Bxg7+ Kxg7 28. Kb2 Rhd8 29. Qh6+ Kg8 30. Rc1 dxe4 31. fxe4 Rd3 32.
Nb1 Nxe4 0-1

[Event "23e tournoi de Noël"]
[Site "Montigny le Bretonneux"]
[Date "2024.12.29"]
[Round "6.2"]
[White "Divies, Renaud"]
[Black "Ben Khelifa, Noomene"]
[Result "0-1"]
[WhiteElo "1922"]
[BlackElo "2049"]
[Annotator "Rivier,Sylvain"]
[PlyCount "64"]
[EventDate "2024.??.??"]
[WhiteTeam "Club d'Echecs du Vesinet"]
[BlackTeam "Cavalier Bleu Drancy"]

{Ouverture anglaise, variante Botvinnik inversée} 1. c4 c5 2. Nf3 Nc6 3. Nc3
e5 4. g3 d6 5. Bg2 g6 6. O-O Bg7 7. d3 Nge7 8. Nd5 Nxd5 9. cxd5 Ne7 10. e4 O-O
11. Be3 h6 12. Qc1 Kh7 13. Nd2 f5 14. f4 exf4 15. gxf4 Re8 16. a4 Nxd5 17. Bxc5
Nxf4 18. Rxf4 dxc5 19. exf5 Bxf5 20. Qxc5 Be5 21. Rb4 b6 22. Qc4 Be6 23. Qe4
Bd6 24. Qb7+ Kh8 25. Re4 Re7 26. Qa6 Bc5+ 27. Kh1 Bd5 28. Rxe7 Bxg2+ 29. Kxg2
Qxe7 30. Ne4 Bd4 31. a5 Qb4 32. axb6 Qxb2+ 0-1

[Event "23e tournoi de Noël"]
[Site "Montigny le Bretonneux"]
[Date "2024.12.29"]
[Round "6.3"]
[White "Wuthrich, Guillaume"]
[Black "Arutyunov, Mikael"]
[Result "1/2-1/2"]
[WhiteElo "1959"]
[BlackElo "1730"]
[Annotator "Rivier,Sylvain"]
[PlyCount "68"]
[EventDate "2024.??.??"]
[WhiteTeam "Le Cavalier de La Reine Bourg-La-Reine"]
[BlackTeam "Tours et Detours Club d'Echecs Centre Brie"]

{Partie des quatre cavaliers, variante symétrique} 1. e4 e5 2. Nf3 Nf6 3. Nc3
Nc6 4. Bb5 Bb4 5. d3 d6 6. O-O Bg4 7. Qe2 O-O 8. Bxc6 bxc6 9. Nd1 d5 10. Ne3
Bh5 11. Nf5 Re8 12. Bg5 Bg6 13. Ng3 h6 14. Bd2 Bxd2 15. Nxd2 Rb8 16. b3 Qd6 17.
Nf3 Nh5 18. Nh4 Nxg3 19. hxg3 Bh7 20. a4 Rb4 21. f3 Qe6 22. g4 Qf6 23. Qf2 Rd4
24. Rad1 dxe4 25. fxe4 Qxf2+ 26. Kxf2 f6 27. Ke3 Red8 28. Nf3 R4d6 29. Nd2 Kf7
30. Nc4 Re6 31. Na5 Bg6 32. Rh1 Ke7 33. Nb7 Rb8 34. Na5 Kd8 1/2-1/2

[Event "23e tournoi de Noël"]
[Site "Montigny le Bretonneux"]
[Date "2024.12.29"]
[Round "6.4"]
[White "Sondermeijer, Antoine"]
[Black "Imbert, Christophe"]
[Result "1/2-1/2"]
[WhiteElo "1719"]
[BlackElo "1902"]
[Annotator "Rivier,Sylvain"]
[PlyCount "51"]
[EventDate "2024.??.??"]
[WhiteTeam "Club d'Echecs de Guyancourt"]
[BlackTeam "Club d'Echecs du Vesinet"]

{Défense des deux cavaliers} 1. e4 e5 2. Bc4 Nf6 3. d4 exd4 4. Nf3 Nc6 5. e5
d5 6. Bb5 Ne4 7. Nxd4 Bc5 8. O-O O-O 9. Nxc6 bxc6 10. Bxc6 Rb8 11. Qxd5 Qxd5
12. Bxd5 Bf5 13. Nc3 Nxc3 14. bxc3 Bxc2 15. e6 fxe6 16. Bxe6+ Kh8 17. Be3 Bxe3
18. fxe3 Rfe8 19. Bb3 Bxb3 20. axb3 Rxb3 21. Rxa7 Rxc3 22. Rf7 Kg8 23. Raxc7
Rxc7 24. Rxc7 Rxe3 25. Kf2 Ra3 26. Rc8+ 1/2-1/2

[Event "23e tournoi de Noël"]
[Site "Montigny le Bretonneux"]
[Date "2024.12.29"]
[Round "6.5"]
[White "Sanchez-Narboni, Quentin"]
[Black "Artieres, Michel"]
[Result "1-0"]
[WhiteElo "1841"]
[BlackElo "1807"]
[Annotator "Rivier,Sylvain"]
[PlyCount "95"]
[EventDate "2024.??.??"]
[WhiteTeam "GIF-CC2-Echecs"]
[BlackTeam "La Dame Noire"]

{Partie du pion dame} 1. d4 Nf6 2. Bf4 d5 3. e3 c5 4. c3 Nc6 5. Bd3 Qb6 6. Qb3
c4 7. Qxb6 axb6 8. Be2 e6 9. Nf3 Be7 10. O-O O-O 11. Nbd2 Bd7 12. Ne5 Na5 13.
Bf3 Bc6 14. b4 cxb3 15. axb3 Ne4 16. Bxe4 dxe4 17. Nxc6 bxc6 18. b4 Nb7 19.
Nxe4 h6 20. Bc7 f5 21. Nd2 b5 22. Be5 Bd6 23. Nf3 Be7 24. Rfe1 g5 25. Nd2 Kf7
26. Kf1 h5 27. Ke2 g4 28. e4 Bd6 29. Bxd6 Nxd6 30. e5 Nb7 31. Ke3 Rfb8 32. Nb3
Kg6 33. Kf4 Ra4 34. Rxa4 bxa4 35. Nd2 Nd8 36. Ra1 Ra8 37. Nc4 Nf7 38. Na5 Ng5
39. f3 gxf3 40. gxf3 Nh3+ 41. Kg3 Ng5 42. Nxc6 h4+ 43. Kf2 Nh3+ 44. Ke3 f4+ 45.
Kd3 a3 46. b5 Ng5 47. b6 Nxf3 48. b7 1-0

[Event "23e tournoi de Noël"]
[Site "Montigny le Bretonneux"]
[Date "2024.12.29"]
[Round "6.6"]
[White "Gauthier, Laurent"]
[Black "Longbien, Dominique"]
[Result "1-0"]
[WhiteElo "1831"]
[BlackElo "1682"]
[Annotator "Rivier,Sylvain"]
[PlyCount "51"]
[EventDate "2024.??.??"]
[WhiteTeam "Les Tours d'Angoulême"]
[BlackTeam "La Dame Noire"]

{Défense française, variante classique} 1. d4 d5 2. Nc3 Nf6 3. Bg5 e6 4. e4
dxe4 5. Nxe4 Be7 6. Bxf6 Bxf6 7. Nf3 h6 8. Bd3 Nc6 9. c3 b6 10. Qe2 a5 11.
Nxf6+ gxf6 12. Be4 Bb7 13. Rd1 Qe7 14. Qb5 Qd7 15. d5 O-O-O 16. O-O f5 17. dxc6
Qxd1 18. cxb7+ Kb8 19. Qa6 c5 20. Qa8+ Kc7 21. b8=Q+ Rxb8 22. Qc6+ Kd8 23.
Rxd1+ Ke7 24. Qd6+ Kf6 25. Qe5+ Ke7 26. Bxf5 1-0